00418nam a2200133Ia 4500008004100000020001500041041001200056082001600068100002200084245010500106260004900211300000800260650001600268221030s9999 xx 000 0 und d a8190082876 aEnglish a105.23bGao aR. Gaonkar ( PR ) 0aMicroprocessor, Architecture, Programming, & Applications with the 8085 ( PR )cby R. Gaonkar ( PR ) bPenram International Pub MumbaiaIndiac2000 a788 aBE Computer